000 01198cam a22003257a 4500
003 CHAP
005 20220817043917.0
008 031007d2003 mx rs o00110 spa d
010 _a87782
011 _a88754
020 _a9701342313
035 _a99299
040 _cCHAP
082 0 4 _a305.4
_bI58 MiCh.
110 2 _aInstituto Nacional de Estadística, Geografía e Informática. México
_959304
245 1 4 _aLas mujeres en Michoacan de Ocampo
_c/por Instituto Nacional de Estadística, Geografía e Informática
260 _aAguascalientes, Ags. :
_bInstituto Nacional de Estadística, Geografía e Informática,
_c2003.
300 _a217 p. :
_bgráfs.; cuadros;
590 _aBATCH-UPD
_b10
_c20130110
_lUCH01
_h1509
590 _aBATCH-UPD
_b10
_c20130410
_lUCH01
_h0927
590 _aBATCH-UPD
_b10
_c20130914
_lUCH01
_h1816
590 _aCONVERSION
_b10
_c20130109
_lUCH01
_h1349
650 0 4 _aMichoacán
_xCondiciones sociales.
650 0 4 _aMujer en comunidades rurales
_xMichoacán.
_979375
650 0 4 _aMujer
_zMichoacán.
_979353
901 _aBK
905 _aElisama
942 _cLIBRO
949 _a305.4 I58 Mich.
_bBC
_cINEGI
_d33724000908612
_eINEGI
_gDonaciØn
_h103894
_i99299
_sb
999 _c87782
_d87782